000 00583nam a22001817a 4500
005 20251128112739.0
008 251128b |||||||| |||| 00| 0 eng d
020 _a9788170086185
050 _aTA645 PUN
100 _aPunmia, B. C.
245 _aTheory of Structures
_bentirely in S. I. Units
_cB. C. Punmia, Ashok Kumar Jain & Arun Kumar Jain
250 _a12th ed.
_brevised and enlarged
260 _aNew Delhi
_bLaxmi Publications Limited
_c2004
300 _axiv. 648p.
_bill.
_c24cm
700 _aJain, Ashok Kumar
700 _aJain, Arun Kumar
942 _2lcc
_cBK
_e12th ed.
_n0
999 _c8402
_d8402